Logos des clubs de football par lettre - E - Statistiques

Statistiques générales
  • Ce quiz a été pris 101 fois
  • Le résultat moyen est 8 sur 16
Statistiques - réponses
Par images Réponse % Correct
Everton
100%
Espanyol
91%
Étoile Rouge de Belgrade
89%
Eintracht Francfort
84%
Elche
78%
Empoli
72%
SD Eibar
72%
Espérance de Tunis
42%
KAS Eupen
42%
Estudiantes
33%
Excelsior
29%
Elfsborg
21%
Estrela Amadora
9%
Entente de Sétif
4%
Esteghlal
4%
Emelec
2%
Aucun quiz correspondant
Distribution des résultats
% des personnes avec chaque résultat
Percentile par nombre de réponses
Votre historique - résultats
Vous n’avez pas pris ce quiz